000 00486nam a2200181Ia 4500
005 20250326141233.0
008 250326s9999 xx 000 0 und d
037 _aTextbook
040 _aFMSL
_beng
_cFMSL
041 _aeng
_2eng
084 _qFMSL
100 _aBhagwati J
_9738675
245 0 _aReport Indian Economic Reforms
_cBhagwati J; Srinivasan Tn
260 _aNew Delhi
_bNew Delhi, Govt of India
_c1993
300 _a76p
942 _cTB
999 _c1289370
_d1289370